1139 1557 1446 1612 1692 1339 1236 1280 1932 1783 1273 1108 1676 1675 1669 1604 1272 1963 1639 1249 1294 1313 1143 1387 1038 1785 1634 1398 1219 1238 1801 1697 1001 1792 1233 1972 1629 1059 1878 1848 1616 1229 1526 1560 1700 1634 1641 1574 1990 1283 1405 1752 1539 1807 1257 1333 1288 1124 1189 1559 1483 1389 1523 1766 1327 1736 1303 1768 1298 1258 1230 1430 1153 1332 1238 1230 1083 1845 1582 1119 1659 1642 1343 1804 1985 1198 1653 1732 1181 1148 1955 1140 1999 1645 1596 1490 1621 1217 1542 BCNSPRNW ULIB Ver.6.0+V

เปลี่ยนเป็นภาษาไทย

Change to English
 แสดงรายละเอียดบรรณานุกรม
  กลับหน้าหลัก

Brief Record : Get Marc (ISO 2709) : E-mail record : QR code < ปิดหน้าต่าง
LEADER : 00000nam 2200000uu 4500
001    13399126653
003     ULIB
008    190130s2561||||th 000 0 tha d
020    ^a9786163982995
060    ^aWY16^bส46ป
100    ^aสุพิศ รุ่งเรืองศรี, บรรณาธิการ
245    ^aปฐมนิเทศวิชาชีพการพยาบาลและการผดุงครรภ์ = Introduction to Nursing and Midwifery Profession/^bสุพิศ รุ่งเรืองศรี, บรรณาธิการ
250    ^aพิมพ์ครั้งที่ 1
260    ^aเชียงใหม่ :^bคณะพยาบาลศาสตร์ มหาวิทยาลัยเชียงใหม่,^c2561
300    ^a144 หน้า
650    ^aพยาบาล--วิชาชีพ
945    ^p170^l0^i005097
945    ^p170^l0^i005096
945    ^p170^l0^i005095
945    ^p170^l0^i005094
945    ^p170^l0^i005093
945    ^p170^l0^i005092
945    ^p170^l0^i005091
945    ^p170^l0^i005090
945    ^p170^l0^i005088
945    ^p170^l0^i005089
999    ^aประนอม เกษจรัล
รายการนี้ยังไม่มีแท็ก
คุณยังไม่ได้ล็อกอิน คุณสามารถมีกิจกรรมร่วมกับเว็บไซต์ได้ แต่ต้องล็อกอินก่อน ::
  ล็อกอิน

รายการสื่อสารสนเทศ

ลำดับที่ ประเภท เลขเรียก/บาร์โค้ด สถานที่ สถานะ
1. Book การพยาบาล
หนังสือสำรอง
สถานะ=หนังสือสำรอง
WY16 ส46ป ฉ.1 
  Barcode: 005088
ห้องสมุดวิทยาเขตสวรรค์ประชารักษ์
►หนังสือทั่วไป
บนชั้น
2. Book การพยาบาล
Book การพยาบาล
WY16 ส46ป ฉ.10 
  Barcode: 005097
ห้องสมุดวิทยาเขตสวรรค์ประชารักษ์
►หนังสือทั่วไป
บนชั้น
3. Book การพยาบาล
Book การพยาบาล
WY16 ส46ป ฉ.2 
  Barcode: 005089
ห้องสมุดวิทยาเขตสวรรค์ประชารักษ์
►หนังสือทั่วไป
บนชั้น
4. Book การพยาบาล
Book การพยาบาล
WY16 ส46ป ฉ.3 
  Barcode: 005090
ห้องสมุดวิทยาเขตสวรรค์ประชารักษ์
►หนังสือทั่วไป
บนชั้น
5. Book การพยาบาล
Book การพยาบาล
WY16 ส46ป ฉ.4 
  Barcode: 005091
ห้องสมุดวิทยาเขตสวรรค์ประชารักษ์
►หนังสือทั่วไป
บนชั้น
6. Book การพยาบาล
Book การพยาบาล
WY16 ส46ป ฉ.5 
  Barcode: 005092
ห้องสมุดวิทยาเขตสวรรค์ประชารักษ์
►หนังสือทั่วไป
บนชั้น
7. Book การพยาบาล
Book การพยาบาล
WY16 ส46ป ฉ.6 
  Barcode: 005093
ห้องสมุดวิทยาเขตสวรรค์ประชารักษ์
►หนังสือทั่วไป
บนชั้น
8. Book การพยาบาล
Book การพยาบาล
WY16 ส46ป ฉ.7 
  Barcode: 005094
ห้องสมุดวิทยาเขตสวรรค์ประชารักษ์
►หนังสือทั่วไป
บนชั้น
9. Book การพยาบาล
Book การพยาบาล
WY16 ส46ป ฉ.8 
  Barcode: 005095
ห้องสมุดวิทยาเขตสวรรค์ประชารักษ์
►หนังสือทั่วไป
บนชั้น
10. Book การพยาบาล
Book การพยาบาล
WY16 ส46ป ฉ.9 
  Barcode: 005096
ห้องสมุดวิทยาเขตสวรรค์ประชารักษ์
►หนังสือทั่วไป
บนชั้น

รายการใกล้เคียง
    ผู้แต่ง [สุพิศ รุ่งเรืองศรี, บรรณาธิการ]

    หัวเรื่อง [พยาบาล--วิชาชีพ]

BibComment


ยังไม่เคยถูกคอมเมนท์

คอมเมนท์ทรัพยากรรายการนี้
  คอมเมนท์: ปฐมนิเทศวิชาชีพก..


 Copyright 2026. Bcnsprnw @Library